Statistiken für Alle Minderheiten Weißrusslands

Klicken Sie hier um das Quiz zu spielen!

Allgemein

  • Dieses Quiz wurde 23 mal gespielt
  • Das Durchschnittsergebnis liegt bei 5 aus 6

Antwortstatistiken

BevölkerungLand% Korrekt
287,693Polen
100%
706,992Russland
100%
159,656Ukraine
95%
5,287Litauen
86%
9,392Armenien
48%
6,001Aserbaidschan
48%

Verteilung der Resultate

Perzentil nach korrekt beantworteten Fragen

Anzahl Personen mit jedem Resultat

Ihre Resultats-Entwicklung

Sie haben dieses Quiz noch nicht gespielt